Biggest Non Capital Cities that Start with the Same Letter 2 - Statistics

General Stats
  • This quiz has been taken 32 times
  • The average score is 6 of 20
Answer Stats
2nd Biggest By Letter Capital % Correct
Adana Ankara
72%
Bang Mun Nak Bangkok
72%
Ciudad Bolivar Caracas
72%
Hameenlinna Helsinki
56%
N/A Vaduz
52%
N/A Juba
36%
Luanshya Lusaka
36%
Acharnes Athens
32%
Bimbo Bangui
28%
Duma Damascus
28%
Dare Dili
28%
Lambarene Libreville
16%
Mafeteng Maseru
16%
Barda Baku
12%
Bathsheba Bridgetown
12%
Leudalange Luxembourg
12%
Santo Antonio Sao Tome
12%
Tsirang Thimphu
12%
Tela Tegucigalpa
8%
Pulap Palikir
4%
No matching quizzes found
Score Distribution
Percent of People with Each Score
Percentile by Number Answered
Your Score History
You have not taken this quiz